A-Z and 1-75 Quiz Stats

 Plays Quiz not verified by Sporcle

Support Sporcle.
Go Orange.
Score 0/101 Timer 01:00
0 Plays Today
good luck letters and numbers % Correct
good joba
96%
good jobb
96%
good job4
96%
good job5
96%
good job6
96%
good job7
96%
good job9
96%
good jobc
95.2%
good job1
95.2%
good job2
95.2%
good job3
95.2%
good job8
94.4%
good jobd
93.6%
good job12
93.6%
good job19
93.6%
good jobh
92.8%
good job10
92.8%
good job11
92.8%
good job13
92.8%
good job15
92.8%
good job16
92.8%
good job18
92.8%
good jobe
92%
good jobg
92%
good job21
92%
good job14
92%
good job17
92%
good job22
92%
good jobf
91.2%
good jobi
91.2%
good jobk
91.2%
good jobo
91.2%
good jobw
91.2%
good job20
91.2%
good luck letters and numbers % Correct
good job23
91.2%
good job24
91.2%
good job25
91.2%
good jobj
90.4%
good jobl
90.4%
good jobp
90.4%
good jobq
90.4%
good jobs
90.4%
good jobm
89.6%
good jobn
89.6%
good jobt
89.6%
good jobr
88.8%
good jobu
88.8%
good jobv
88.8%
good jobx
88.8%
good joby
88.8%
good jobz
88.8%
good job26
85.6%
good job27
85.6%
good job31
85.6%
good job28
84.8%
good job29
84.8%
good job30
84.8%
good job32
84.8%
good job34
84.8%
good job35
84.8%
good job36
84.8%
good job37
84.8%
good job33
84%
good job38
83.2%
good job39
83.2%
good job40
80.8%
good job41
80.8%
good job42
78.4%
good luck letters and numbers % Correct
good job43
78.4%
good job44
78.4%
good job45
78.4%
good job46
77.6%
good job47
77.6%
good job48
76.8%
good job50
76.8%
good job51
76%
good job49
75.2%
good job52
75.2%
good job54
74.4%
good job53
73.6%
good job55
73.6%
good job56
73.6%
good job57
72.8%
good job58
72.8%
good job59
72%
good job61
70.4%
good job62
70.4%
good job60
69.6%
good job65
69.6%
good job63
68.8%
good job64
68%
good job66
67.2%
good job67
67.2%
good job68
67.2%
good job69
66.4%
good job70
64.8%
good job71
60.8%
good job72
58.4%
good job73
57.6%
good job74
57.6%
good job75
56.8%

You're not logged in!

Compare scores with friends on all Sporcle quizzes.
OR
Log In

From the Vault

Movies, After a Pause

by DarkPhalanx

There's nothing quite like a dramatic...pause?
Remove Ads.
Support Sporcle.
Get the best of Sporcle when you Go Orange. This ad-free experience offers more features, more stats, and more fun while also helping to support Sporcle. Thank you for becoming a member.

Show Comments

Extras

Created Mar 1, 2011ReportNominate
Tags:Letter Quiz, Numbers Quiz, 1-25, A-Z, luck

Top Quizzes Today


Score Distribution

Your Account Isn't Verified!

In order to create a playlist on Sporcle, you need to verify the email address you used during registration. Go to your Sporcle Settings to finish the process.

Report this User

Report this user for behavior that violates our Community Guidelines.

Details: